[Event "Sunway Sitges Online Open"]
[Site "chess.com INT"]
[Date "2020.04.26"]
[Round "8.3"]
[White "Thybo, Jesper Sondergaard"]
[Black "Das, Sayantan"]
[Result "1/2-1/2"]
[WhiteTitle "GM"]
[BlackTitle "IM"]
[WhiteElo "2590"]
[BlackElo "2431"]
[WhiteFideId "1438832"]
[BlackFideId "5034426"]
[EventDate "2020.04.19"]

1. d4 Nf6 2. c4 g6 3. Nc3 Bg7 4. e4 d6 5. h3 O-O 6. Be3 e5 7. d5 Na6 8. g4 Nc5
9. f3 a5 10. Qd2 Ne8 11. h4 f5 12. gxf5 gxf5 13. exf5 Bf6 14. O-O-O Bxf5 15. Bh3
Ng7 16. Bxf5 Nxf5 17. Bxc5 dxc5 18. Ne4 Bg7 19. Nh3 Qe7 20. Nhg5 Bh6 21. Rdg1
Kh8 22. Kb1 Ra6 23. Qg2 1/2-1/2

[Event "Sunway Sitges Online Open"]
[Site "chess.com INT"]
[Date "2020.04.26"]
[Round "8.4"]
[White "Adly, Ahmed"]
[Black "Vrolijk, Liam"]
[Result "1-0"]
[WhiteTitle "GM"]
[BlackTitle "IM"]
[WhiteElo "2615"]
[BlackElo "2502"]
[WhiteFideId "10601619"]
[BlackFideId "1048333"]
[EventDate "2020.04.19"]

1. d4 Nf6 2. Nf3 d5 3. c4 e6 4. g3 Be7 5. Bg2 O-O 6. O-O dxc4 7. Qc2 a6 8. a4
Bd7 9. Bg5 Bc6 10. Qxc4 Nbd7 11. Nc3 h6 12. Bxf6 Nxf6 13. b4 Bd5 14. Nxd5 exd5
15. Qb3 c6 16. e3 Bd6 17. Rfc1 Re8 18. Ne1 h5 19. Nd3 h4 20. b5 axb5 21. axb5
Rxa1 22. Rxa1 hxg3 23. hxg3 Ne4 24. bxc6 bxc6 25. Qc2 Qc8 26. Rc1 Qe6 27. Qxc6
Nxg3 28. Bxd5 Qe7 29. Rb1 Nf5 30. Rb7 Qg5+ 31. Kf1 Re7 32. Rxe7 Bxe7 33. Qe8+
Kh7 34. Qxf7 Qg4 35. Ne5 1-0

[Event "Sunway Sitges Online Open"]
[Site "chess.com INT"]
[Date "2020.04.26"]
[Round "8.5"]
[White "Tsydypov, Zhamsaran"]
[Black "Yoo, Christopher Woojin"]
[Result "0-1"]
[WhiteTitle "GM"]
[BlackTitle "IM"]
[WhiteElo "2558"]
[BlackElo "2455"]
[WhiteFideId "4108566"]
[BlackFideId "30909694"]
[EventDate "2020.04.19"]

1. e4 c5 2. Nf3 d6 3. d4 cxd4 4. Nxd4 Nf6 5. Nc3 Nc6 6. Bg5 e6 7. Qd2 a6 8.
O-O-O Bd7 9. f3 Nxd4 10. Qxd4 Be7 11. g4 h5 12. gxh5 Nxh5 13. Bxe7 Qxe7 14. Rg1
Bc6 15. Qxd6 Qxd6 16. Rxd6 Ke7 17. Rd2 g6 18. Ne2 e5 19. Nc3 Nf4 20. Bc4 Rh3 21.
Rg5 f6 22. Rg3 Rah8 23. Rxh3 Rxh3 24. Rf2 Rh4 25. Bf1 f5 26. Kd2 Ne6 27. Ke3 Ng5
28. exf5 gxf5 29. f4 Nh3 30. Bxh3 Rxh3+ 31. Kd2 exf4 32. Ne2 f3 33. Nf4 Rh7 34.
Nd3 Kf6 35. Ke3 Kg5 36. Ne5 f4+ 37. Kd2 Be4 38. Kd1 Re7 39. Nc4 Bd5 40. Nd2 Kg4
41. b3 Kh3 42. Nf1 Bc6 43. Nd2 Re6 44. a4 a5 45. Nc4 Bd5 46. Nb2 Be4 47. Kd2
Rd6+ 48. Ke1 Rg6 49. Kf1 Rg2 50. Nd3 Kxh2 51. Ne1 Rxf2+ 52. Kxf2 Kh3 53. Nd3
Bxd3 54. cxd3 Kg4 55. d4 b6 56. d5 Kf5 57. d6 Ke6 58. d7 Kxd7 59. Kxf3 Kc6 60.
Kxf4 Kc5 61. Ke5 Kb4 62. Kd5 Kxb3 63. Kc6 Kxa4 64. Kxb6 Kb4 0-1

[Event "Sunway Sitges Online Open"]
[Site "chess.com INT"]
[Date "2020.04.26"]
[Round "8.6"]
[White "Vasquez Schroeder, Rodrigo"]
[Black "Anisimov, Pavel2"]
[Result "1/2-1/2"]
[WhiteTitle "GM"]
[BlackTitle "GM"]
[WhiteElo "2441"]
[BlackElo "2527"]
[WhiteFideId "3400042"]
[BlackFideId "4135229"]
[EventDate "2020.04.19"]

1. e4 e6 2. d4 d5 3. Nc3 dxe4 4. Nxe4 Nd7 5. g3 Ngf6 6. Nxf6+ Nxf6 7. Bg2 e5 8.
Qe2 Qxd4 9. Nf3 Qd5 10. Qxe5+ Qxe5+ 11. Nxe5 Bc5 12. Bg5 O-O 13. Bxf6 gxf6 14.
Nd3 Bd6 15. O-O-O c6 16. Rhe1 Bg4 17. f3 Be6 18. Nf2 Rad8 19. a3 Bc5 20. Ne4
Rxd1+ 21. Kxd1 Be7 22. f4 Rd8+ 23. Kc1 Kg7 24. Bf3 Kf8 25. Nd2 Bc5 26. c3 Bf2
27. Re2 Bb6 28. Kc2 Kg7 29. b3 1/2-1/2

[Event "Sunway Sitges Online Open"]
[Site "chess.com INT"]
[Date "2020.04.26"]
[Round "8.7"]
[White "Moroni, Luca Jr"]
[Black "Kopylov, Michael"]
[Result "0-1"]
[WhiteTitle "GM"]
[BlackTitle "IM"]
[WhiteElo "2530"]
[BlackElo "2407"]
[WhiteFideId "865834"]
[BlackFideId "14105080"]
[EventDate "2020.04.19"]

1. c4 e6 2. g3 d5 3. Bg2 Nf6 4. Nf3 dxc4 5. O-O a6 6. a4 Nc6 7. Na3 Bxa3 8. bxa3
O-O 9. Bb2 Re8 10. Qc2 e5 11. Qxc4 Be6 12. Qc2 Bd5 13. Rac1 Nd4 14. Bxd4 exd4
15. Qd3 Qe7 16. Qxd4 Qxa3 17. Rxc7 Re4 18. Ra1 Qxf3 19. Qxe4 Qxe4 20. Bxe4 Bxe4
21. Rc4 Bc6 22. f3 Kf8 23. e4 Nd7 24. d4 Nb6 25. Rb4 Nxa4 26. d5 Bb5 27. Rbxa4
Bxa4 28. Rxa4 a5 29. Ra1 b5 30. Kf2 b4 31. Ke3 a4 32. Kd3 b3 33. Kc3 Rc8+ 34.
Kb2 Rc2+ 35. Kb1 Rc4 36. e5 g5 37. Kb2 Ke7 38. g4 Kd7 39. h3 Ke7 40. Ra3 Rd4 41.
Kc3 Rxd5 42. Rxa4 Rxe5 43. f4 Re3+ 44. Kb2 gxf4 45. Rxf4 Rxh3 46. g5 Kf8 47. Rf6
Kg7 48. Ra6 Rg3 49. Rc6 Rxg5 50. Kxb3 Rd5 51. Kc4 Rd7 52. Ra6 h5 53. Ra1 Kh6 54.
Rh1 Kg5 55. Rg1+ Kf4 56. Rh1 Kg4 57. Rg1+ Kf3 58. Rh1 f5 59. Rxh5 f4 0-1

[Event "Sunway Sitges Online Open"]
[Site "chess.com INT"]
[Date "2020.04.26"]
[Round "8.9"]
[White "Caspi, Israel"]
[Black "Mahitosh, Dey"]
[Result "1/2-1/2"]
[WhiteTitle "IM"]
[BlackTitle "FM"]
[WhiteElo "2489"]
[BlackElo "2254"]
[WhiteFideId "2807394"]
[BlackFideId "25091468"]
[EventDate "2020.04.19"]

1. e4 e5 2. Nf3 Nc6 3. d4 exd4 4. Nxd4 Bc5 5. Nb3 Bb6 6. Nc3 Nge7 7. Qe2 d6 8.
Be3 O-O 9. O-O-O f5 10. f4 fxe4 11. Bxb6 axb6 12. Qxe4 Bf5 13. Qf3 Qd7 14. Rd2
Bg4 15. Bc4+ Kh8 16. Qg3 Ng6 17. Rf1 Na5 18. Nxa5 Rxa5 19. a3 b5 20. Ba2 Be6 21.
Bxe6 Qxe6 22. Rd5 Qf7 23. Kb1 b6 24. Qg5 c6 25. Rxd6 b4 26. Qg3 bxc3 27. Qxc3
Rc5 28. Qd4 Qc4 29. Qxc4 Rxc4 30. g3 Ne7 31. Re1 Nf5 32. Rd7 h5 33. Re5 h4 34.
b3 Rc5 35. Rxc5 bxc5 36. gxh4 Nd4 37. a4 Rxf4 38. a5 Rf8 39. a6 Ra8 40. a7 Nb5
41. c4 Nxa7 42. Rc7 Kh7 43. Kb2 Kh6 44. Kc3 g6 45. h3 Nc8 46. Rxc6 Kh5 47. Rxc5+
Kxh4 48. Rc6 Ne7 49. Re6 Re8 50. b4 Kxh3 51. b5 g5 52. b6 Rb8 53. Rxe7 1/2-1/2

[Event "Sunway Sitges Online Open"]
[Site "chess.com INT"]
[Date "2020.04.26"]
[Round "8.10"]
[White "Molina, Roberto Junio Brito"]
[Black "Rudovskii, Filipp"]
[Result "1/2-1/2"]
[WhiteTitle "IM"]
[WhiteElo "2434"]
[BlackElo "2158"]
[WhiteFideId "2109450"]
[BlackFideId "54121299"]
[EventDate "2020.04.19"]

1. d4 Nf6 2. c4 e6 3. g3 Bb4+ 4. Bd2 Be7 5. Bg2 d5 6. Nf3 O-O 7. O-O dxc4 8. Qc2
a6 9. Qxc4 b5 10. Qc2 Bb7 11. Rc1 Bd6 12. Bg5 Nbd7 13. Nbd2 Rc8 14. a4 c5 15.
axb5 axb5 16. Qd1 Qb6 17. e3 Rfd8 18. dxc5 Bxc5 19. Nb3 e5 20. Qe2 Be7 21. Nfd2
Bxg2 22. Kxg2 h6 23. Bxf6 Nxf6 24. Qf3 Qe6 25. Rxc8 Rxc8 26. Ra8 Rxa8 27. Qxa8+
Kh7 28. Qb7 Qd5+ 29. Qxd5 Nxd5 30. Kf3 Nf6 31. Ne4 Kg6 32. Na5 Kf5 33. Nc6 Ke6
34. Nxe7 Kxe7 1/2-1/2

[Event "Sunway Sitges Online Open"]
[Site "chess.com INT"]
[Date "2020.04.27"]
[Round "9.2"]
[White "Bachmann, Axel"]
[Black "Yoo, Christopher Woojin"]
[Result "1/2-1/2"]
[WhiteTitle "GM"]
[BlackTitle "IM"]
[WhiteElo "2599"]
[BlackElo "2455"]
[WhiteFideId "3700488"]
[BlackFideId "30909694"]
[EventDate "2020.04.19"]

1. e4 c5 2. Nc3 Nc6 3. Bb5 Nd4 4. Bc4 e6 5. Nf3 Nxf3+ 6. Qxf3 Ne7 7. O-O Nc6 8.
d3 Nd4 9. Qd1 Be7 10. f4 O-O 11. a4 b6 12. f5 1/2-1/2

[Event "Sunway Sitges Online Open"]
[Site "chess.com INT"]
[Date "2020.04.27"]
[Round "9.4"]
[White "Kopylov, Michael"]
[Black "Sattarov, Bobir"]
[Result "1/2-1/2"]
[WhiteTitle "IM"]
[WhiteElo "2407"]
[BlackElo "2459"]
[WhiteFideId "14105080"]
[BlackFideId "14203081"]
[EventDate "2020.04.19"]

1. d4 Nf6 2. c4 c5 3. d5 g6 4. Nc3 Bg7 5. e4 d6 6. h3 O-O 7. Nf3 e6 8. Bd3 Nbd7
9. O-O e5 10. Re1 h6 11. a3 Nh7 12. Qc2 Ndf6 13. b4 b6 14. bxc5 bxc5 15. Rb1 1/2-1/2

[Event "Sunway Sitges Online Open"]
[Site "chess.com INT"]
[Date "2020.04.27"]
[Round "9.6"]
[White "Anisimov, Pavel2"]
[Black "Espinoza Palomino, Willyam"]
[Result "1/2-1/2"]
[WhiteTitle "GM"]
[BlackTitle "IM"]
[WhiteElo "2527"]
[BlackElo "2400"]
[WhiteFideId "4135229"]
[BlackFideId "3804852"]
[EventDate "2020.04.19"]

1. d4 d5 2. Bf4 Nf6 3. e3 c5 4. c3 Nc6 5. Nd2 e6 6. Ngf3 cxd4 7. exd4 Nh5 8. Be3
Bd6 9. Ne5 g6 10. f4 f6 11. Nd3 Ng7 12. Nf3 Qc7 13. g3 b6 14. Nf2 O-O 15. Bd3 e5
16. fxe5 fxe5 17. dxe5 Nxe5 18. Nxe5 Bxe5 19. Qd2 Bb7 20. Rf1 Rae8 21. Bb5 Rd8
22. Bg5 Rc8 23. Ng4 d4 24. Rxf8+ Rxf8 25. Qe2 Bxg3+ 26. hxg3 Qxg3+ 27. Kd2 Bf3
28. Nh6+ Kh8 29. Qe7 Qf2+ 30. Be2 Bxe2 1/2-1/2

[Event "Sunway Sitges Online Open"]
[Site "chess.com INT"]
[Date "2020.04.27"]
[Round "9.7"]
[White "Vasquez Schroeder, Rodrigo"]
[Black "Tsydypov, Zhamsaran"]
[Result "1-0"]
[WhiteTitle "GM"]
[BlackTitle "GM"]
[WhiteElo "2441"]
[BlackElo "2558"]
[WhiteFideId "3400042"]
[BlackFideId "4108566"]
[EventDate "2020.04.19"]

1. d4 Nf6 2. Nf3 g6 3. c4 Bg7 4. g3 O-O 5. Bg2 d6 6. O-O Nc6 7. Nc3 a6 8. d5 Na5
9. b3 c5 10. dxc6 bxc6 11. Nd4 Bd7 12. e4 c5 13. Nde2 Rb8 14. h3 Qc8 15. Kh2 Nc6
16. Bg5 Ne8 17. Qd2 Nc7 18. Bh6 Ne6 19. Bxg7 Kxg7 20. Nd5 Qd8 21. f4 Ned4 22.
Nec3 Qa5 23. Rae1 e6 24. Ne3 Nb4 25. f5 Nxa2 26. Ng4 Qxc3 27. Qh6+ Kh8 28. fxg6
Nf3+ 29. Rxf3 Qg7 30. Qd2 f5 31. exf5 exf5 32. Nf2 Nb4 33. Qxd6 Bc6 34. Rf4 Rbd8
35. Qxc5 Bxg2 36. Kxg2 Nc2 37. Re7 Qxg6 38. Re2 Rg8 39. Qe5+ Rg7 40. Rxc2 Qxg3+
41. Kf1 Qg1+ 42. Ke2 Qg6 43. Qxf5 Re8+ 44. Kd2 Qg1 45. Rc1 Qg3 46. Rc3 Qg1 47.
Re3 Rd8+ 48. Rd3 Re8 49. Re4 1-0

[Event "Sunway Sitges Online Open"]
[Site "chess.com INT"]
[Date "2020.04.27"]
[Round "9.8"]
[White "Vrolijk, Liam"]
[Black "Miciano, John Marvin"]
[Result "1-0"]
[WhiteTitle "IM"]
[BlackTitle "IM"]
[WhiteElo "2502"]
[BlackElo "2337"]
[WhiteFideId "1048333"]
[BlackFideId "5211948"]
[EventDate "2020.04.19"]

1. d4 f5 2. Bg5 g6 3. Nc3 Bg7 4. e3 d5 5. h4 Nh6 6. Nf3 Nf7 7. Ne2 h6 8. Bf4 Nd7
9. c4 dxc4 10. Nc3 e5 11. Bg3 f4 12. exf4 exd4 13. Nxd4 Nb6 14. Ndb5 c6 15.
Qxd8+ Kxd8 16. O-O-O+ Ke7 17. Re1+ Kd8 18. Rd1+ Ke7 19. Nc7 Rb8 20. Re1+ Kd8 21.
Ne6+ Bxe6 22. Rxe6 Kd7 23. Rxg6 Rbg8 24. h5 Nd6 25. Be2 Bxc3 26. bxc3 Ne4 27.
Kc2 Nxg3 28. fxg3 Kc7 29. Bf3 Nd7 30. g4 Nf8 31. Rxg8 Rxg8 32. Re1 Rg7 33. Re8
Nd7 34. Re6 Rf7 35. Rxh6 Rxf4 36. g5 Ne5 37. g6 Nxf3 38. gxf3 Rxf3 39. g7 Rg3
40. Rg6 1-0

[Event "Sunway Sitges Online Open"]
[Site "chess.com INT"]
[Date "2020.04.27"]
[Round "9.9"]
[White "Kopylov, Daniel"]
[Black "Caspi, Israel"]
[Result "1-0"]
[BlackTitle "IM"]
[WhiteElo "2348"]
[BlackElo "2489"]
[WhiteFideId "12921971"]
[BlackFideId "2807394"]
[EventDate "2020.04.19"]

1. e4 d5 2. exd5 Qxd5 3. Nc3 Qd6 4. d4 Nf6 5. Nf3 g6 6. Bg5 Bg7 7. Qd2 O-O 8.
O-O-O a6 9. Bf4 Qb6 10. Ne5 Nc6 11. Nc4 Qa7 12. d5 b5 13. dxc6 bxc4 14. Bxc4 Qc5
15. Be2 Rb8 16. Qd4 Qa5 17. Be5 Be6 18. f4 Bh6 19. a3 Ne8 20. g3 f6 21. Qa7 Qb6
22. Qxb6 Rxb6 23. Bd4 Rxc6 24. Bf3 Rd6 25. Bc5 Rxd1+ 26. Rxd1 Nd6 27. Re1 Kf7
28. Bd5 Bxd5 29. Nxd5 Nf5 30. Bxe7 Rc8 31. Bb4 c6 32. Ne7 Rc7 33. Nxf5 gxf5 34.
Rd1 c5 35. Bc3 Bf8 36. Rd8 Rc6 37. Kd2 Be7 38. Rh8 Rd6+ 39. Ke2 Bf8 40. Rxh7+
Bg7 41. h3 Kg6 42. Rh4 Re6+ 43. Kf3 c4 44. g4 Rc6 45. Rh5 Rc5 46. Rxf5 Rxf5 47.
gxf5+ Kxf5 48. b3 cxb3 49. cxb3 Bh6 50. Bd2 Bf8 51. b4 Bd6 52. a4 1-0

[Event "Sunway Sitges Online Open"]
[Site "chess.com INT"]
[Date "2020.04.27"]
[Round "9.12"]
[White "Borsuk, Konstantin"]
[Black "Navalgund, Niranjan"]
[Result "0-1"]
[WhiteTitle "FM"]
[BlackTitle "FM"]
[WhiteElo "2431"]
[BlackElo "2289"]
[WhiteFideId "14113406"]
[BlackFideId "5030854"]
[EventDate "2020.04.19"]

1. d4 d5 2. c4 e6 3. Nc3 c5 4. cxd5 exd5 5. Nf3 Nc6 6. g3 Nf6 7. Bg2 cxd4 8.
Nxd4 Bc5 9. Nb3 Bb6 10. O-O d4 11. Na4 O-O 12. Bg5 Re8 13. Nxb6 axb6 14. e3 d3
15. Qf3 Ra4 16. Bxf6 gxf6 17. Nd2 Bg4 18. Qd5 Be6 19. Qxd8 Rxd8 20. a3 f5 21.
Rfc1 b5 22. Bf3 b4 23. Bd1 bxa3 24. bxa3 Ra6 25. a4 Na5 26. Kf1 Rc6 27. Ke1 Kg7
28. Rcb1 Rc3 29. Rb5 Rd5 30. Rab1 Rdc5 31. R1b4 Kf6 32. f4 Ke7 33. h3 Rc1 34. g4
fxg4 35. Rxc5 Rxc5 36. hxg4 Rc1 37. f5 Bd7 38. Re4+ Kd8 39. Rd4 Nc6 40. Rxd3 Nb4
41. Rb3 Rxd1+ 42. Kxd1 Bxa4 43. Ke2 Bxb3 44. Nxb3 f6 45. e4 Nc6 46. Nc5 b5 47.
g5 fxg5 48. Ne6+ Ke7 49. Nxg5 h5 50. Nf3 Kf6 51. Ke3 Ne5 52. Nd4 b4 53. Nb3 Kg5
54. Kd4 Kf4 55. Nc5 Nf3+ 56. Kd5 Kg5 57. Ke6 Nd4+ 58. Ke5 b3 59. Nd3 Nc6+ 60.
Ke6 h4 61. f6 h3 62. Ne5 Nd8+ 63. Ke7 b2 64. Kxd8 Kxf6 0-1

[Event "Sunway Sitges Online Open"]
[Site "chess.com INT"]
[Date "2020.04.19"]
[Round "1.46"]
[White "De Souza Sa, Apolo"]
[Black "Baskin, Robert"]
[Result "0-1"]
[BlackTitle "IM"]
[WhiteElo "1920"]
[BlackElo "2390"]
[WhiteFideId "324225390"]
[BlackFideId "24662402"]
[EventDate "2020.04.19"]

1. d4 Nf6 2. c4 g6 3. Nc3 d5 4. cxd5 Nxd5 5. e4 Nxc3 6. bxc3 Bg7 7. Be3 c5 8.
Nf3 Qa5 9. Qd2 O-O 10. Rc1 Rd8 11. d5 e6 12. c4 Qxd2+ 13. Nxd2 b6 14. Nb3 Na6
15. Bd3 Nb4 16. Bb1 a5 17. a3 Na6 18. Rc2 exd5 19. cxd5 f5 20. f3 Bd7 21. Nd2
fxe4 22. fxe4 Ba4 23. Ra2 b5 24. O-O c4 25. Bb6 Rf8 26. Rxf8+ Rxf8 27. Nf3 Bd1
28. Kf2 b4 29. axb4 Nxb4 30. Rd2 Bxf3 31. gxf3 c3 32. Re2 Ra8 33. Bc5 Rc8 34.
Bxb4 axb4 35. Bc2 Bd4+ 36. Kg3 Ra8 37. d6 Be5+ 38. f4 Bxd6 39. e5 Be7 40. Re1
Kf8 41. Rb1 Ra2 42. Bb3 Rd2 43. Rc1 Rb2 44. Bc4 c2 45. Kf2 b3 46. Bxb3 Rxb3 47.
Rxc2 Kf7 48. Rc6 Rb6 49. Rc7 Ke6 50. Kf3 h5 51. Ra7 Rb2 52. Kg3 Rb3+ 53. Kg2 Bc5
54. Rg7 Kf5 55. Rf7+ Kg4 56. Rg7 Rb2+ 57. Kf1 Kf3 58. Ke1 Be3 0-1

[Event "Sunway Sitges Online Open"]
[Site "chess.com INT"]
[Date "2020.04.20"]
[Round "2.30"]
[White "Baskin, Robert"]
[Black "Borchert, Stephan"]
[Result "1-0"]
[WhiteTitle "IM"]
[WhiteElo "2390"]
[BlackElo "2077"]
[WhiteFideId "24662402"]
[BlackFideId "16212746"]
[EventDate "2020.04.19"]

1. e4 e5 2. Nf3 Nc6 3. Bb5 a6 4. Ba4 Nf6 5. O-O Be7 6. Re1 b5 7. Bb3 d6 8. c3
O-O 9. h3 Nb8 10. d4 Nbd7 11. c4 Bb7 12. Nc3 bxc4 13. Bxc4 exd4 14. Nxd4 Nb6 15.
Bb3 d5 16. e5 Ne4 17. Nxe4 dxe4 18. Nf5 Bb4 19. Qg4 g6 20. Bg5 gxf5 21. Qg3 Kh8
22. Bf6+ Qxf6 23. exf6 1-0

[Event "Sunway Sitges Online Open"]
[Site "chess.com INT"]
[Date "2020.04.22"]
[Round "4.25"]
[White "Baskin, Robert"]
[Black "Sreyas, Payyappat"]
[Result "1-0"]
[WhiteTitle "IM"]
[WhiteElo "2390"]
[BlackElo "2156"]
[WhiteFideId "24662402"]
[BlackFideId "46674969"]
[EventDate "2020.04.19"]

1. e4 e5 2. Nf3 Nc6 3. Bb5 a6 4. Ba4 Nf6 5. O-O Be7 6. Re1 b5 7. Bb3 O-O 8. h3
Bb7 9. d3 d6 10. c3 Bc8 11. d4 exd4 12. cxd4 d5 13. e5 Ne4 14. Be3 Be6 15. Nbd2
Bf5 16. Rc1 Nb4 17. Nf1 a5 18. Qe2 a4 19. Bd1 Nxa2 20. Ra1 Nb4 21. Qxb5 Nxf2 22.
Rxa4 1-0

[Event "Sunway Sitges Online Open"]
[Site "chess.com INT"]
[Date "2020.04.23"]
[Round "5.19"]
[White "Kugler, Florian"]
[Black "Baskin, Robert"]
[Result "1-0"]
[BlackTitle "IM"]
[WhiteElo "2223"]
[BlackElo "2390"]
[WhiteFideId "4633300"]
[BlackFideId "24662402"]
[EventDate "2020.04.19"]

1. d4 Nf6 2. Nf3 d5 3. c4 e6 4. g3 dxc4 5. Bg2 Bb4+ 6. Bd2 a5 7. Nc3 Nc6 8. a3
Be7 9. Qa4 Nd5 10. Qxc4 Nb6 11. Qd3 Bf6 12. Nb5 O-O 13. O-O e5 14. Be3 exd4 15.
Nbxd4 Nxd4 16. Bxd4 c6 17. Rfd1 Bxd4 18. Nxd4 Qf6 19. Rac1 Rd8 20. Qe3 Rb8 21.
Rd3 Bg4 22. h3 Bh5 23. f4 h6 24. f5 Re8 25. Qf2 Qg5 26. Rc2 Rbd8 27. g4 Bxg4 28.
hxg4 Qxg4 29. b3 Re5 30. Nxc6 Rxd3 31. Nxe5 Rd1+ 32. Kh2 Qh5+ 33. Bh3 Nd5 34.
Qg3 Rd4 35. Qf3 Qxf3 36. Rc8+ Kh7 37. exf3 1-0

[Event "Sunway Sitges Online Open"]
[Site "chess.com INT"]
[Date "2020.04.24"]
[Round "6.29"]
[White "Baskin, Robert"]
[Black "Samunenkov, Ihor"]
[Result "1-0"]
[WhiteTitle "IM"]
[WhiteElo "2390"]
[BlackElo "2142"]
[WhiteFideId "24662402"]
[BlackFideId "14187086"]
[EventDate "2020.04.19"]

1. e4 c6 2. Nc3 d5 3. Nf3 dxe4 4. Nxe4 Nf6 5. Qe2 Nxe4 6. Qxe4 Qa5 7. Qe3 Bf5 8.
Bc4 Bxc2 9. Ne5 Bg6 10. Nxg6 fxg6 11. O-O Nd7 12. Be6 O-O-O 13. d4 Kb8 14. Qg3+
Kc8 15. b4 Qxb4 16. Bf4 g5 17. Be5 h5 18. Rab1 Qa5 19. Rfc1 Qa6 20. Bb8 Qa5 21.
Rb5 h4 22. Qe5 1-0

[Event "Sunway Sitges Online Open"]
[Site "chess.com INT"]
[Date "2020.04.25"]
[Round "7.19"]
[White "Raahul, V S"]
[Black "Baskin, Robert"]
[Result "0-1"]
[BlackTitle "IM"]
[WhiteElo "2259"]
[BlackElo "2390"]
[WhiteFideId "25035525"]
[BlackFideId "24662402"]
[EventDate "2020.04.19"]

1. c4 e6 2. g3 Nf6 3. Bg2 d5 4. Nf3 Be7 5. O-O O-O 6. b3 c5 7. e3 Nc6 8. Bb2 d4
9. exd4 cxd4 10. Re1 Re8 11. a3 a5 12. Ne5 Nxe5 13. Rxe5 Nd7 14. Rb5 Nc5 15. b4
axb4 16. axb4 Rxa1 17. Bxa1 Na6 18. Bxb7 Nc7 19. Bc6 Nxb5 20. Bxe8 Qxe8 21. cxb5
e5 22. Qe2 Bh3 23. f3 Qc8 24. Kf2 Qc2 25. Qe4 Qc4 26. Qe1 Qxb5 27. Bb2 Bxb4 28.
g4 Be7 29. Kg3 Qf1 30. Qxf1 Bxf1 31. f4 Bd3 32. Na3 f6 33. f5 g6 34. Kf2 gxf5
35. gxf5 Kg7 36. Ke1 Kh6 37. Kd1 Kg5 38. Nc2 Kxf5 39. Ne1 Bf1 40. d3 Kg4 41. Bc1
h5 0-1

[Event "Sunway Sitges Online Open"]
[Site "chess.com INT"]
[Date "2020.04.26"]
[Round "8.11"]
[White "Baskin, Robert"]
[Black "Reimanis, Ritvars"]
[Result "1/2-1/2"]
[WhiteTitle "IM"]
[BlackTitle "FM"]
[WhiteElo "2390"]
[BlackElo "2421"]
[WhiteFideId "24662402"]
[BlackFideId "11602988"]
[EventDate "2020.04.19"]

1. d4 Nf6 2. c4 e6 3. Nf3 d5 4. g3 Be7 5. Bg2 O-O 6. Nc3 dxc4 7. Ne5 c5 8. dxc5
Qxd1+ 9. Nxd1 Bxc5 10. O-O Nbd7 11. Nxc4 Nd5 12. Nde3 N7f6 13. Rd1 b6 14. Nxd5
exd5 15. Be3 Be6 16. Bxc5 1/2-1/2

[Event "Sunway Sitges Online Open"]
[Site "chess.com INT"]
[Date "2020.04.26"]
[Round "8.12"]
[White "Kopylov, Daniel"]
[Black "Srihari, L R"]
[Result "1/2-1/2"]
[BlackTitle "FM"]
[WhiteElo "2348"]
[BlackElo "2414"]
[WhiteFideId "12921971"]
[BlackFideId "46617116"]
[EventDate "2020.04.19"]

1. e4 d6 2. d4 Nf6 3. Nc3 c6 4. Be3 Nbd7 5. f3 e5 6. Qd2 Be7 7. O-O-O b5 8. d5
b4 9. dxc6 bxc3 10. cxd7+ Bxd7 11. Qxc3 Rc8 12. Qd2 O-O 13. Ne2 d5 14. exd5 Bf5
15. c4 Rxc4+ 16. Nc3 Rxc3+ 17. Qxc3 Nxd5 18. Rxd5 Qxd5 19. Bc4 Qb7 20. Qxe5 Bf6
21. Qb5 Qxb5 22. Bxb5 Rc8+ 23. Kd1 Rc2 24. Re1 Rxg2 25. Bxa7 Bc2+ 26. Kc1 Bxb2+
27. Kxb2 Bd3+ 28. Kc3 Bxb5 29. Rb1 Be8 30. Rb8 Re2 31. Kd3 Re6 32. a4 f6 33. a5
Kf7 1/2-1/2

[Event "Sunway Sitges Online Open"]
[Site "chess.com INT"]
[Date "2020.04.26"]
[Round "8.13"]
[White "Espinoza Palomino, Willyam"]
[Black "Badillo Ramos, Steve"]
[Result "1-0"]
[WhiteTitle "IM"]
[WhiteElo "2400"]
[BlackElo "2102"]
[WhiteFideId "3804852"]
[BlackFideId "24526150"]
[EventDate "2020.04.19"]

1. e4 e6 2. d4 d5 3. Nc3 Bb4 4. e5 c5 5. a3 Bxc3+ 6. bxc3 Ne7 7. a4 Qa5 8. Bd2
Nbc6 9. Nf3 Qc7 10. Bd3 Bd7 11. O-O c4 12. Be2 f6 13. Re1 O-O-O 14. Bf1 Rdg8 15.
Bc1 Ng6 16. a5 Nxa5 17. Ba3 b6 18. Bd6 Qb7 19. Qc1 h6 20. Qa3 f5 21. Reb1 Nf4
22. Qc1 g5 23. Rxa5 bxa5 24. Rxb7 Kxb7 25. h4 a4 26. hxg5 hxg5 27. Be7 g4 28.
Qxf4 gxf3 29. Qxf3 Rh7 30. Bf6 Ka6 31. Qd1 Rb8 32. Qa1 Be8 33. Qa3 Rhb7 34. Be7
Rb1 35. Bb4 Rb7 36. f3 Rh7 37. Be7 Kb7 38. Qd6 Rb6 39. Qd8 Bc6 40. Bc5 Ra6 41.
Bd6 Rb6 42. Qg8 Rd7 43. Qxe6 Bb5 44. Qxd5+ Ka6 45. Bxc4 a3 46. Bxb5+ Rxb5 47.
Qc6+ Ka5 48. Qxd7 Rb1+ 49. Kh2 a2 1-0

[Event "Sunway Sitges Online Open"]
[Site "chess.com INT"]
[Date "2020.04.26"]
[Round "8.14"]
[White "Tsaknakis, Zisis"]
[Black "Polivanov, Anatoliy"]
[Result "1/2-1/2"]
[BlackTitle "IM"]
[WhiteElo "2217"]
[BlackElo "2452"]
[WhiteFideId "4259963"]
[BlackFideId "14109468"]
[EventDate "2020.04.19"]

1. d4 e6 2. e4 d5 3. Nd2 Nf6 4. e5 Nfd7 5. Bd3 c5 6. c3 Nc6 7. Ne2 cxd4 8. cxd4
Nb6 9. O-O Bd7 10. f4 g6 11. a3 a5 12. b3 a4 13. b4 Rc8 14. Bb2 Na7 15. Nc3 Be7
16. Qe2 O-O 17. g4 f5 18. g5 Na8 19. Qd1 Qe8 20. h4 Nb5 21. Nxa4 Nxd4 22. Bxd4
Bxa4 23. Qe2 Nc7 24. Rac1 Nb5 25. Bb2 Qd7 26. h5 d4 27. hxg6 hxg6 28. Nc4 Bd8
29. Qh2 Qh7 30. Qxh7+ Kxh7 31. Kf2 Kg7 32. Rh1 Rh8 33. Rxh8 Kxh8 34. Nd6 Rxc1
35. Bxc1 Nxd6 36. exd6 Kg7 37. Bb2 Kf7 38. Bxd4 Ke8 39. Bc4 Kd7 40. Be5 Bb6+ 41.
Ke2 Ba7 42. Kd3 Bb8 43. Kd4 Bxd6 44. Bxd6 Kxd6 45. Be2 Bd7 46. Bd1 b5 47. Be2
Bc6 48. Bd3 Bd7 49. Be2 Bc6 50. Bf1 Bd7 51. Bg2 Be8 52. Bf3 Bd7 53. Bg2 Be8 54.
Bb7 Bd7 55. Bf3 Be8 56. Bg2 Bd7 57. Bf3 Be8 58. Bg2 Bd7 59. Bf3 1/2-1/2